[Event "Senior DM 65+ 2024"]
[Site "Aarhus"]
[Date "2024.02.16"]
[Round "5.1"]
[White "Andersen, Lars Christoff"]
[Black "Hewson, Brian"]
[Result "1/2-1/2"]
[WhiteElo "1932"]
[BlackElo "2020"]
[PlyCount "29"]
[EventDate "2024.02.12"]
[EventType "swiss"]
[EventRounds "7"]
[EventCountry "DEN"]
[SourceTitle "Live v. Thomas Vestergaard"]

1. Nf3 Nf6 2. c4 g6 3. g3 Bg7 4. Bg2 O-O 5. O-O d6 6. Nc3 c6 7. d3 Nbd7 8. Rb1 d5 9. cxd5 Nxd5 10. Nxd5 cxd5 11. d4 Nb6 12. Bf4 Bf5 13. Rc1 Rc8 14. Rxc8 Qxc8 15. Qd2 1/2-1/2

[Event "Senior DM 65+ 2024"]
[Site "Aarhus"]
[Date "2024.02.16"]
[Round "5.2"]
[White "Andreasen, Per Naesby"]
[Black "Jensen, Henrik Tranberg"]
[Result "1-0"]
[WhiteElo "2203"]
[BlackElo "1973"]
[PlyCount "91"]
[EventDate "2024.02.12"]
[EventType "swiss"]
[EventRounds "7"]
[EventCountry "DEN"]
[SourceTitle "Live v. Thomas Vestergaard"]

1. Nf3 g6 2. g3 Nf6 3. c4 c5 4. Bg2 Bg7 5. O-O O-O 6. Nc3 Nc6 7. d4 cxd4 8. Nxd4 Nxd4 9. Qxd4 d6 10. Qd2 Qc7 11. b3 Bd7 12. Bb2 Rac8 13. Rac1 Bc6 14. e4 Rfd8 15. Rfe1 Kf8 16. Bh3 Bd7 17. Nd5 Nxd5 18. cxd5 Qb8 19. Bxd7 Rxd7 20. Rxc8+ Qxc8 21. Rc1 Rc7 22. Rxc7 Qxc7 23. Bxg7+ Kxg7 24. Qd4+ f6 25. Qxa7 Qc3 26. Kg2 Qc2 27. Qa4 b5 28. Qb4 f5 29. exf5 Qxf5 30. Qxb5 Qe4+ 31. Kg1 Qb1+ 32. Qf1 Qxa2 33. Qd3 Qa1+ 34. Kg2 Qb2 35. Qe4 Kf8 36. b4 Ke8 37. Qc4 Qb1 38. b5 Kd8 39. h4 h5 40. Qa4 Qf5 41. Qa8+ Kd7 42. b6 Qe4+ 43. Kh2 Qd4 44. Qc6+ Kd8 45. Kg1 Qb2 46. b7 1-0

[Event "Senior DM 65+ 2024"]
[Site "Aarhus"]
[Date "2024.02.16"]
[Round "5.3"]
[White "Mikkelsen, Peter Jorgen Dam"]
[Black "Alkaersig, Ole"]
[Result "0-1"]
[WhiteElo "2095"]
[BlackElo "2178"]
[PlyCount "88"]
[EventDate "2024.02.12"]
[EventType "swiss"]
[EventRounds "7"]
[EventCountry "DEN"]
[SourceTitle "Live v. Thomas Vestergaard"]

1. Nf3 Nf6 2. g3 c5 3. c4 Nc6 4. Bg2 d5 5. cxd5 Nxd5 6. O-O e5 7. d3 Be7 8. Nbd2 O-O 9. Nc4 f6 10. a3 Be6 11. Ne3 Nc7 12. Bd2 Qd7 13. Rb1 Rac8 14. b4 cxb4 15. axb4 Nb5 16. Rb2 Ncd4 17. Nxd4 exd4 18. Nc4 Nc3 19. Bxc3 dxc3 20. Rc2 b5 21. Ne3 Bxb4 22. Qb1 Be7 23. d4 b4 24. d5 Bf7 25. Ra2 Bc5 26. Qb3 Bxe3 27. fxe3 Qe7 28. e4 Qc5+ 29. Kh1 a5 30. Qc2 Rb8 31. Rb1 Rfc8 32. Bh3 Rc7 33. Raa1 Kh8 34. Ra3 Rb6 35. Raa1 Bg6 36. Bg2 h6 37. h4 h5 38. Bf3 a4 39. Rxa4 b3 40. Ra8+ Rc8 41. Rxc8+ Qxc8 42. Qc1 c2 43. Rb2 Qc3 44. Kg2 Ra6 0-1

[Event "Senior DM 65+ 2024"]
[Site "Aarhus"]
[Date "2024.02.16"]
[Round "5.4"]
[White "Olesen, Poul Erik Norgaard"]
[Black "Nielsen, Christian Volmer"]
[Result "1-0"]
[WhiteElo "1959"]
[BlackElo "1993"]
[PlyCount "73"]
[EventDate "2024.02.12"]
[EventType "swiss"]
[EventRounds "7"]
[EventCountry "DEN"]
[SourceTitle "Live v. Thomas Vestergaard"]

1. b3 e5 2. Bb2 d6 3. e3 Nf6 4. c4 Bf5 5. Nf3 Nbd7 6. d3 c6 7. Be2 Be7 8. Nc3 O-O 9. O-O Re8 10. Nh4 Be6 11. f4 exf4 12. exf4 Bg4 13. Bxg4 Nxg4 14. Qxg4 Bxh4 15. Ne4 Bf6 16. Nxf6+ Nxf6 17. Qg5 Re2 18. Bxf6 Qxf6 19. Qxf6 gxf6 20. Rf2 Rae8 21. Kf1 R2e3 22. Rd1 f5 23. g3 d5 24. cxd5 cxd5 25. d4 R8e4 26. Rc2 h5 27. Kf2 Kg7 28. Rdd2 h4 29. Rc5 h3 30. Rxd5 Re1 31. Rxf5 Rh1 32. Kf3 Ree1 33. Re5 Reg1 34. Ree2 f5 35. d5 Rf1+ 36. Ke3 Rd1 37. d6 1-0

[Event "Senior DM 65+ 2024"]
[Site "Aarhus"]
[Date "2024.02.16"]
[Round "5.5"]
[White "Madsen, Svend Aage"]
[Black "Knudsen, Per"]
[Result "1/2-1/2"]
[WhiteElo "1981"]
[BlackElo "2223"]
[PlyCount "172"]
[EventDate "2024.02.12"]
[EventType "swiss"]
[EventRounds "7"]
[EventCountry "DEN"]
[SourceTitle "Live v. Thomas Vestergaard"]

1. e4 e6 2. d4 d5 3. Nd2 c5 4. exd5 Qxd5 5. Ngf3 cxd4 6. Bc4 Qd7 7. O-O Nf6 8. Nb3 Nc6 9. Nbxd4 Nxd4 10. Nxd4 a6 11. Bg5 Qc7 12. Be2 Bd7 13. Re1 Bc5 14. c3 Rd8 15. Bf3 Kf8 16. Qd2 Be7 17. Bf4 Qc8 18. h3 Be8 19. Bg5 h6 20. Bh4 Bd6 21. Bxf6 gxf6 22. Qc2 Bd7 23. Rad1 Bb8 24. Ne2 Be8 25. Rxd8 Qxd8 26. g3 Qb6 27. Kg2 Rg8 28. Rd1 Bc6 29. Nd4 Bxf3+ 30. Nxf3 Qc7 31. Qd3 Ke7 32. Qe3 b5 33. Rd3 h5 34. h4 Ba7 35. Qe2 Qc4 36. Qd2 Qc6 37. Qe2 Bb6 38. Qd2 e5 39. Qe2 Rg4 40. Kh2 Kf8 41. Rd2 Kg7 42. Kh3 Qe6 43. Kg2 Qf5 44. Nh2 Rc4 45. Nf1 Kg6 46. Ne3 Qe4+ 47. Qf3 Bxe3 48. fxe3 Qb1 49. a3 a5 50. Rf2 f5 51. Rd2 Rg4 52. Qc6+ Kg7 53. Qd5 Re4 54. Qd8 Rg4 55. Qd5 Qe4+ 56. Qxe4 Rxe4 57. Kf3 b4 58. cxb4 axb4 59. a4 b3 60. Rd3 Rb4 61. Rc3 Rxa4 62. Rxb3 Kg6 63. Rb6+ f6 64. Rb8 Rc4 65. Kf2 Rc2+ 66. Kf1 f4 67. exf4 exf4 68. gxf4 Kf5 69. Rb4 Kg4 70. Rb6 f5 71. Rg6+ Kf3 72. Kg1 Rxb2 73. Rg5 Rb5 74. Rxh5 Kxf4 75. Rh8 Kg3 76. Kf1 Kf3 77. Kg1 f4 78. h5 Rb1+ 79. Kh2 Kf2 80. h6 f3 81. h7 Rb7 82. Kh3 Rg7 83. Kh4 Kf1 84. Kh5 f2 85. Kh6 Rf7 86. Rg8 Rxh7+ 1/2-1/2

[Event "Senior DM 65+ 2024"]
[Site "Aarhus"]
[Date "2024.02.16"]
[Round "5.6"]
[White "Thuesen, Mogens Henrik"]
[Black "Poulsen, Knud"]
[Result "1-0"]
[WhiteElo "2158"]
[BlackElo "1780"]
[PlyCount "85"]
[EventDate "2024.02.12"]
[EventType "swiss"]
[EventRounds "7"]
[EventCountry "DEN"]
[SourceTitle "Live v. Thomas Vestergaard"]

1. e4 d5 2. exd5 Nf6 3. d4 Bg4 4. f3 Bf5 5. g4 Bg6 6. c4 e6 7. g5 Bb4+ 8. Nc3 Nfd7 9. dxe6 fxe6 10. Bh3 O-O 11. Bxe6+ Kh8 12. Nge2 Qe7 13. Bg4 Nb6 14. O-O c6 15. Nf4 Bf5 16. Re1 Qf7 17. Bxf5 Qxf5 18. Re5 Qf7 19. g6 hxg6 20. c5 Nc4 21. Rg5 Nd7 22. Nxg6+ Kg8 23. Nxf8 Rxf8 24. Rg3 Nf6 25. Qd3 Qe6 26. Bh6 Ne8 27. Bd2 Nxb2 28. Qc2 Nc4 29. Re1 Qd7 30. Re4 Nxd2 31. Qxd2 Bxc5 32. Qd1 Bd6 33. Qb3+ Rf7 34. Rg6 Nc7 35. Reg4 Ne6 36. Qxe6 Qxe6 37. Rxe6 Bb4 38. Re8+ Kh7 39. Rh4+ Kg6 40. Rg4+ Kh7 41. Ne4 Rd7 42. Re6 Be7 43. h4 1-0

[Event "Senior DM 65+ 2024"]
[Site "Aarhus"]
[Date "2024.02.16"]
[Round "5.7"]
[White "Pedersen, Karsten Nymann"]
[Black "Gam, Soren"]
[Result "1-0"]
[WhiteElo "2065"]
[BlackElo "1368"]
[PlyCount "45"]
[EventDate "2024.02.12"]
[EventType "swiss"]
[EventRounds "7"]
[EventCountry "DEN"]
[SourceTitle "Live v. Thomas Vestergaard"]

1. d4 d5 2. Nf3 Nf6 3. g3 e6 4. Bg2 c5 5. O-O Nc6 6. c4 b6 7. Nc3 Bb7 8. Bg5 Be7 9. cxd5 Nxd5 10. Bxe7 Ndxe7 11. dxc5 O-O 12. Qxd8 Rfxd8 13. cxb6 axb6 14. Rfd1 Nb4 15. a3 Nbd5 16. Nxd5 Bxd5 17. Ne5 Bb3 18. Bxa8 Bxd1 19. Bf3 Bb3 20. Rc1 f6 21. Nd3 Nd5 22. Rc6 b5 23. Nc5 1-0

[Event "Senior DM 65+ 2024"]
[Site "Aarhus"]
[Date "2024.02.16"]
[Round "5.8"]
[White "Gronhoj, Benny"]
[Black "Christiansen, Arne"]
[Result "0-1"]
[WhiteElo "1934"]
[BlackElo "1902"]
[PlyCount "124"]
[EventDate "2024.02.12"]
[EventType "swiss"]
[EventRounds "7"]
[EventCountry "DEN"]
[SourceTitle "Live v. Thomas Vestergaard"]

1. e4 d6 2. d4 Nf6 3. Bd3 Nbd7 4. f4 e5 5. Nf3 exd4 6. Nxd4 Nc5 7. Nc3 Bg4 8. Nf3 Be7 9. Be3 Nfd7 10. O-O O-O 11. h3 Bxf3 12. Qxf3 c6 13. Rad1 Nxd3 14. cxd3 f5 15. Qe2 Qc7 16. Bd4 Rae8 17. Qc2 Nb6 18. Kh1 Bf6 19. Be3 Kh8 20. Bd2 Qd7 21. Rde1 h6 22. Nd1 Qe6 23. b3 Bh4 24. Re2 Nd7 25. Nc3 Qg6 26. b4 fxe4 27. dxe4 Qf7 28. Rf3 Qc4 29. Qb1 Bf6 30. Re1 a6 31. Rd3 Qe6 32. Nd1 Bh4 33. Ree3 Nb6 34. e5 Nc4 35. Re4 dxe5 36. Bc1 b5 37. Nb2 Qf5 38. Rd1 exf4 39. Rxe8 Qxb1 40. Rxf8+ Kh7 41. Nxc4 bxc4 42. Rxf4 Qc2 43. Rdf1 Bf6 44. R4f2 Qa4 45. a3 c3 46. Rf5 Qc2 47. Be3 Qd3 48. R5f3 Qd5 49. R3f2 Kg6 50. Rc1 Qd3 51. Rf3 Qe2 52. a4 Qb2 53. Rf4 Kh7 54. h4 Qe2 55. Rf3 Bxh4 56. Bd4 Qd2 57. Be3 Qb2 58. Bf4 Bf6 59. Re1 Qxb4 60. g3 Qxa4 61. Be5 Bxe5 62. Rxe5 Qa1+ 0-1

[Event "Senior DM 65+ 2024"]
[Site "Aarhus"]
[Date "2024.02.16"]
[Round "5.9"]
[White "Holst, Per"]
[Black "Johnsen, Oystein"]
[Result "0-1"]
[WhiteElo "2101"]
[BlackElo "1820"]
[PlyCount "50"]
[EventDate "2024.02.12"]
[EventType "swiss"]
[EventRounds "7"]
[EventCountry "DEN"]
[SourceTitle "Live v. Thomas Vestergaard"]

1. d4 Nf6 2. c4 e6 3. Nf3 b6 4. g3 Bb7 5. Bg2 Bb4+ 6. Bd2 Bxd2+ 7. Qxd2 O-O 8. Nc3 Ne4 9. Qc2 Nxc3 10. Ng5 Ne4 11. Bxe4 Bxe4 12. Qxe4 Qxg5 13. Qxa8 Qa5+ 14. Kf1 Nc6 15. Qb7 Qd2 16. e3 Qd3+ 17. Kg2 Qe4+ 18. Kg1 f5 19. h3 f4 20. exf4 g5 21. Rh2 gxf4 22. gxf4 Qxf4 23. Rg2+ Kh8 24. Rf1 Nxd4 25. Rg4 Nf3+ 0-1

[Event "Senior DM 65+ 2024"]
[Site "Aarhus"]
[Date "2024.02.16"]
[Round "5.10"]
[White "McAndrew, Robert"]
[Black "Sorensson, Dan"]
[Result "0-1"]
[WhiteElo "1898"]
[BlackElo "1709"]
[PlyCount "72"]
[EventDate "2024.02.12"]
[EventType "swiss"]
[EventRounds "7"]
[EventCountry "DEN"]
[SourceTitle "Live v. Thomas Vestergaard"]

1. c4 e5 2. g3 Nf6 3. Bg2 Nc6 4. Nc3 Bb4 5. Nd5 Bc5 6. d3 h6 7. Be3 Nd4 8. Nf3 Nxd5 9. cxd5 Nxf3+ 10. Bxf3 Bxe3 11. fxe3 Qg5 12. Qd2 O-O 13. O-O-O d6 14. h4 Qe7 15. e4 Bd7 16. g4 f6 17. g5 hxg5 18. Rdg1 c6 19. hxg5 f5 20. e3 g6 21. Rh6 Kg7 22. exf5 Bxf5 23. dxc6 bxc6 24. Kb1 e4 25. Qc3+ Qe5 26. d4 exf3+ 27. Kc1 Qe4 28. Rgh1 Rh8 29. d5+ Qe5 30. dxc6 Qxc3+ 31. bxc3 Rxh6 32. gxh6+ Kh7 33. Rh4 Rc8 34. Rf4 Rxc6 35. e4 Rc4 36. Rxf3 Rxe4 0-1

[Event "Senior DM 65+ 2024"]
[Site "Aarhus"]
[Date "2024.02.16"]
[Round "5.11"]
[White "Iversen, Flemming Pagh"]
[Black "Mortensen, Steen Juul"]
[Result "0-1"]
[WhiteElo "1744"]
[BlackElo "1837"]
[PlyCount "44"]
[EventDate "2024.02.12"]
[EventType "swiss"]
[EventRounds "7"]
[EventCountry "DEN"]
[SourceTitle "Live v. Thomas Vestergaard"]

1. Nf3 Nf6 2. g3 g6 3. Bg2 Bg7 4. O-O O-O 5. d3 d6 6. Nbd2 c5 7. e4 Nc6 8. c3 e5 9. Nc4 h6 10. Ne1 d5 11. exd5 Nxd5 12. Ne3 Be6 13. Nxd5 Bxd5 14. Be3 b6 15. Qd2 Kh7 16. Bxd5 Qxd5 17. Ng2 Rad8 18. Rfd1 c4 19. dxc4 Qxc4 20. Qc2 Nd4 21. Qb1 Nf3+ 22. Kh1 Qg4 0-1

[Event "Senior DM 65+ 2024"]
[Site "Aarhus"]
[Date "2024.02.16"]
[Round "5.12"]
[White "Gottschalck, Christian"]
[Black "Bjornes, Leif"]
[Result "1/2-1/2"]
[WhiteElo "1684"]
[BlackElo "1826"]
[PlyCount "24"]
[EventDate "2024.02.12"]
[EventType "swiss"]
[EventRounds "7"]
[EventCountry "DEN"]
[SourceTitle "Live v. Thomas Vestergaard"]

1. e4 c6 2. d4 d5 3. exd5 cxd5 4. Bd3 Nc6 5. c3 g6 6. Bf4 Nh6 7. Nf3 Bf5 8. O-O Bxd3 9. Qxd3 Bg7 10. Re1 O-O 11. Nbd2 Nf5 12. Re2 e6 1/2-1/2

[Event "Senior DM 65+ 2024"]
[Site "Aarhus"]
[Date "2024.02.16"]
[Round "5.13"]
[White "Nielsen, Ib"]
[Black "Andersson, Finn"]
[Result "1-0"]
[WhiteElo "1900"]
[BlackElo "1711"]
[PlyCount "33"]
[EventDate "2024.02.12"]
[EventType "swiss"]
[EventRounds "7"]
[EventCountry "DEN"]
[SourceTitle "Live v. Thomas Vestergaard"]

1. d4 e6 2. e4 d5 3. Nd2 Nf6 4. Bd3 c5 5. e5 Nfd7 6. c3 Nc6 7. Ndf3 cxd4 8. cxd4 Bb4+ 9. Kf1 Be7 10. g3 O-O 11. Ne2 Nb4 12. Bb1 b6 13. a3 Nc6 14. Qc2 g6 15. Qxc6 Ba6 16. Qa4 Qc8 17. Bh6 1-0

[Event "Senior DM 65+ 2024"]
[Site "Aarhus"]
[Date "2024.02.16"]
[Round "5.14"]
[White "Kristensen, Lars Ostergaard"]
[Black "Norregaard, Claus"]
[Result "0-1"]
[WhiteElo "1585"]
[BlackElo "1899"]
[PlyCount "114"]
[EventDate "2024.02.12"]
[EventType "swiss"]
[EventRounds "7"]
[EventCountry "DEN"]
[SourceTitle "Live v. Thomas Vestergaard"]

1. d4 Nf6 2. c4 e6 3. Nf3 b6 4. g3 Bb7 5. Bg2 Be7 6. O-O O-O 7. Nc3 Ne4 8. Nxe4 Bxe4 9. Ne1 Bxg2 10. Nxg2 d5 11. Qa4 dxc4 12. Qxc4 c5 13. dxc5 Bxc5 14. Qg4 Qd4 15. Qf3 Na6 16. e3 Qe5 17. Nf4 Rfd8 18. Nd3 Qd5 19. Qxd5 Rxd5 20. Nxc5 Nxc5 21. b4 Na4 22. a3 Rad8 23. e4 Rd4 24. e5 h6 25. Be3 Rd3 26. Rfc1 Nc3 27. Kf1 Nd5 28. Re1 Nxe3+ 29. Rxe3 Rxe3 30. fxe3 Rd2 31. h4 Rh2 32. Kg1 Re2 33. e4 Rxe4 34. Kf2 Rxe5 35. Rc1 a5 36. Rc6 axb4 37. axb4 Rb5 38. Rc4 Kf8 39. Ke3 Ke7 40. g4 Kf6 41. Rf4+ Ke7 42. Kd3 f6 43. Kc4 Rd5 44. Kc3 b5 45. Rf2 h5 46. Rg2 hxg4 47. Rxg4 Kf7 48. Rg2 Rh5 49. Rg4 g5 50. hxg5 Rxg5 51. Rh4 f5 52. Rh7+ Kf6 53. Rc7 f4 54. Rc5 Rxc5+ 55. bxc5 e5 56. Kd3 Ke6 57. Ke4 Kd7 0-1

[Event "Senior DM 65+ 2024"]
[Site "Aarhus"]
[Date "2024.02.16"]
[Round "5.15"]
[White "Meldgaard, Frode"]
[Black "Markussen, Benno Orvad"]
[Result "0-1"]
[WhiteElo "1798"]
[BlackElo "1677"]
[PlyCount "94"]
[EventDate "2024.02.12"]
[EventType "swiss"]
[EventRounds "7"]
[EventCountry "DEN"]
[SourceTitle "Live v. Thomas Vestergaard"]

1. e4 d6 2. Nc3 Nf6 3. Bc4 c6 4. Qf3 e5 5. h3 Nbd7 6. Nge2 b5 7. Bb3 Nc5 8. d3 a5 9. a3 Nxb3 10. cxb3 Be6 11. Bg5 Bxb3 12. Ng3 h6 13. Bxf6 Qxf6 14. Qxf6 gxf6 15. Nh5 Ke7 16. Ne2 Rg8 17. Neg3 Be6 18. O-O Rg6 19. b4 d5 20. Kh2 Kd7 21. f4 exf4 22. Nxf4 Rg8 23. exd5 cxd5 24. Nfh5 Be7 25. bxa5 Rxa5 26. Nxf6+ Bxf6 27. Rxf6 Rga8 28. Rb1 Rxa3 29. Rxb5 Rxd3 30. Rxh6 Ra2 31. Nf1 Kc6 32. Rb1 Rc3 33. Rh8 d4 34. Rd1 Rcc2 35. Rg8 Kc5 36. Rg5+ Bd5 37. Ne3 dxe3 38. Rdxd5+ Kc6 39. Rd3 e2 40. Re3 Kd6 41. h4 Ra4 42. Kg3 Rcc4 43. h5 Re4 44. Rxe2 Rxe2 45. h6 Re8 46. h7 Rh8 47. Rh5 Ke6 0-1

[Event "Senior DM 65+ 2024"]
[Site "Aarhus"]
[Date "2024.02.16"]
[Round "5.16"]
[White "Lavrsen, Frands Winther"]
[Black "Westenvind, Allan"]
[Result "1/2-1/2"]
[WhiteElo "1691"]
[BlackElo "1820"]
[PlyCount "90"]
[EventDate "2024.02.12"]
[EventType "swiss"]
[EventRounds "7"]
[EventCountry "DEN"]
[SourceTitle "Live v. Thomas Vestergaard"]

1. f4 d5 2. Nf3 Nf6 3. g3 g6 4. Bg2 Bg7 5. O-O O-O 6. c3 Nbd7 7. d3 c6 8. Qe1 Re8 9. Ne5 Nb6 10. Na3 Nfd7 11. Nxd7 Nxd7 12. e4 dxe4 13. dxe4 Nc5 14. Be3 Na4 15. Qe2 e6 16. Nc4 Qc7 17. e5 Bf8 18. Rad1 Bd7 19. Nd6 Red8 20. Ne4 Nb6 21. Nf6+ Kg7 22. Qg4 Be7 23. Qh4 Bxf6 24. Qxf6+ Kg8 25. f5 Nc4 26. Bh6 Qxe5 27. Qxe5 Nxe5 28. fxg6 Be8 29. gxf7+ Nxf7 30. Be3 b6 31. Bh3 Rxd1 32. Rxd1 e5 33. Kf2 Kg7 34. Kf3 Kf6 35. Ke4 c5 36. Rf1+ Ke7 37. Rd1 Bc6+ 38. Kd3 Rd8+ 39. Kc2 Be4+ 40. Kc1 Rxd1+ 41. Kxd1 Kf6 42. a4 Nd6 43. b3 Bd5 44. Kc2 Bc6 45. a5 Nb7 1/2-1/2

[Event "Senior DM 65+ 2024"]
[Site "Aarhus"]
[Date "2024.02.16"]
[Round "5.17"]
[White "Fjordside, Arne Dan"]
[Black "Pilgaard, Johannes"]
[Result "1/2-1/2"]
[WhiteElo "1805"]
[BlackElo "1648"]
[PlyCount "108"]
[EventDate "2024.02.12"]
[EventType "swiss"]
[EventRounds "7"]
[EventCountry "DEN"]
[SourceTitle "Live v. Thomas Vestergaard"]

1. d4 Nf6 2. Nf3 g6 3. Bf4 Bg7 4. e3 Nh5 5. Bg5 h6 6. Bh4 g5 7. Nfd2 Nf6 8. Bg3 d5 9. Bd3 Bg4 10. f3 Bh5 11. h3 Nbd7 12. Nc3 a6 13. Ne2 c5 14. c3 Rc8 15. O-O Bg6 16. Bxg6 fxg6 17. Qc2 Nf8 18. Be5 Nh5 19. Bxg7 Nxg7 20. f4 Nf5 21. Rf3 Qb6 22. g4 Nh4 23. Rf2 Qe6 24. e4 cxd4 25. Qa4+ b5 26. Qxd4 dxe4 27. Qxe4 Qd6 28. Nd4 gxf4 29. Qxf4 Qxf4 30. Rxf4 Kd7 31. Re1 Rh7 32. Rfe4 g5 33. N2f3 Nxf3+ 34. Nxf3 e6 35. Nd4 Re8 36. a3 Rhe7 37. b4 Ng6 38. Kg2 Nf4+ 39. Kg3 Nd5 40. Ne2 Rc8 41. Rc1 e5 42. Rd1 Kd6 43. h4 Rc4 44. Rxc4 bxc4 45. hxg5 hxg5 46. Kf3 e4+ 47. Kg3 Ke5 48. Rf1 Ne3 49. Rh1 Rf7 50. Nd4 Nf1+ 51. Kg2 Ne3+ 52. Kg3 Rf4 53. Rh5 Rxg4+ 54. Kf2 Rf4+ 1/2-1/2

[Event "Senior DM 65+ 2024"]
[Site "Aarhus"]
[Date "2024.02.16"]
[Round "5.18"]
[White "Korsgaard, Christian"]
[Black "Lauritzen, Vagn"]
[Result "1/2-1/2"]
[WhiteElo "1709"]
[BlackElo "1553"]
[PlyCount "42"]
[EventDate "2024.02.12"]
[EventType "swiss"]
[EventRounds "7"]
[EventCountry "DEN"]
[SourceTitle "Live v. Thomas Vestergaard"]

1. e4 e6 2. d4 d5 3. exd5 exd5 4. c4 Nf6 5. Nf3 Nc6 6. Be2 Be6 7. c5 g6 8. O-O Bg7 9. Bb5 O-O 10. Bxc6 bxc6 11. Ne5 Bd7 12. Nd2 Re8 13. Ndf3 Ng4 14. Nxd7 Qxd7 15. h3 Nf6 16. Ne5 Qe6 17. Bf4 Ne4 18. f3 Bxe5 19. Bxe5 Nxc5 20. Re1 Nd7 21. Bxc7 Qf6 1/2-1/2

[Event "Senior DM 65+ 2024"]
[Site "Aarhus"]
[Date "2024.02.16"]
[Round "5.19"]
[White "Bohnstedt, Michael"]
[Black "Andersen, Villy Abildgaard"]
[Result "0-1"]
[WhiteElo "1439"]
[BlackElo "1602"]
[PlyCount "76"]
[EventDate "2024.02.12"]
[EventType "swiss"]
[EventRounds "7"]
[EventCountry "DEN"]
[SourceTitle "Live v. Thomas Vestergaard"]

1. e4 d5 2. exd5 Nf6 3. Nf3 Nxd5 4. Bc4 Nc6 5. h3 Bf5 6. d3 e6 7. Nc3 Nf6 8. O-O a6 9. a3 Be7 10. b4 O-O 11. Bb2 Bg6 12. Ne2 Bh5 13. Nf4 Bg6 14. Nxg6 hxg6 15. Qe2 Nd5 16. Ne5 Nxe5 17. Bxe5 Bf6 18. f4 c6 19. Kh1 Re8 20. Bb3 Ne7 21. Rad1 Nf5 22. Kh2 Bh4 23. Rf3 Bf6 24. Bxf6 gxf6 25. c3 Kg7 26. g4 Nd6 27. a4 Qc7 28. Qf2 Rad8 29. h4 g5 30. hxg5 fxg5 31. Kg2 Rh8 32. Qd4+ f6 33. fxg5 Rh2+ 34. Kf1 Rh1+ 35. Ke2 Rh2+ 36. Rf2 Rxf2+ 37. Qxf2 f5 38. Kd2 Ne4+ 0-1

[Event "Senior DM 65+ 2024"]
[Site "Aarhus"]
[Date "2024.02.17"]
[Round "6.3"]
[White "Hewson, Brian"]
[Black "Thuesen, Mogens Henrik"]
[Result "1/2-1/2"]
[WhiteElo "2020"]
[BlackElo "2158"]
[PlyCount "150"]
[EventDate "2024.02.12"]
[EventType "swiss"]
[EventRounds "7"]
[EventCountry "DEN"]
[SourceTitle "Live v. Thomas Vestergaard"]

1. Nf3 d5 2. d4 c6 3. Bf4 Qb6 4. Qc1 Bg4 5. Nbd2 Nf6 6. h3 Bxf3 7. Nxf3 e6 8. e3 c5 9. c3 Bd6 10. Bxd6 Qxd6 11. Bd3 Nc6 12. O-O O-O 13. Rd1 Rfc8 14. Qd2 Rab8 15. Qe2 c4 16. Bc2 b5 17. e4 Qf4 18. exd5 exd5 19. Ne5 Re8 20. Qf3 Qxf3 21. Nxf3 Nd7 22. Re1 Nb6 23. Rxe8+ Rxe8 24. Re1 Rb8 25. Re2 f6 26. Re6 Rc8 27. Nh4 Kf7 28. Re2 g6 29. Nf3 b4 30. g4 a5 31. g5 a4 32. gxf6 a3 33. Bd1 Kxf6 34. cxb4 Nxb4 35. bxa3 Nd3 36. Rd2 Ra8 37. a4 Nxa4 38. Bxa4 Rxa4 39. Kf1 c3 40. Rc2 Rc4 41. a3 Kf5 42. Ke2 Nf4+ 43. Ke3 Nxh3 44. Ne5 Rc8 45. Nd3 Re8+ 46. Ne5 Rc8 47. Nd3 Ng5 48. f3 Ne6 49. Nb4 Rc4 50. Nxd5 Nxd4 51. Rxc3 Nc2+ 52. Kf2 Rxc3 53. Nxc3 Nxa3 54. Kg3 Nc2 55. Nd5 Nd4 56. Ne3+ Kf6 57. Ng4+ Ke6 58. Kf4 h5 59. Nf2 Kf6 60. Ne4+ Kg7 61. Kg3 Nf5+ 62. Kh3 Kh6 63. Kg2 g5 64. Kh3 Kg6 65. Nf2 Ne3 66. Ne4 Nd5 67. Nd6 h4 68. Kg4 Ne3+ 69. Kh3 Kf6 70. f4 gxf4 71. Kxh4 Ke5 72. Nf7+ Kf5 73. Kh3 Ke4 74. Ng5+ Kd3 75. Ne6 Kd2 1/2-1/2

[Event "Senior DM 65+ 2024"]
[Site "Aarhus"]
[Date "2024.02.17"]
[Round "6.5"]
[White "Knudsen, Per"]
[Black "Jensen, Henrik Tranberg"]
[Result "1/2-1/2"]
[WhiteElo "2223"]
[BlackElo "1973"]
[PlyCount "81"]
[EventDate "2024.02.12"]
[EventType "swiss"]
[EventRounds "7"]
[EventCountry "DEN"]
[SourceTitle "Live v. Thomas Vestergaard"]

1. Nf3 Nf6 2. c4 g6 3. g3 c5 4. Bg2 Bg7 5. d4 cxd4 6. Nxd4 Nc6 7. O-O O-O 8. Nc3 Nxd4 9. Qxd4 d6 10. Qd3 Rb8 11. Be3 b6 12. Bd4 Bb7 13. e4 Qd7 14. Rad1 Rfd8 15. Rfe1 Ne8 16. Qe2 Bxd4 17. Rxd4 e5 18. Rd2 Kg7 19. Red1 a5 20. b3 Bc6 21. a4 f5 22. Bh3 Qf7 23. f3 Rb7 24. Qe3 Qf6 25. Ne2 h6 26. Bg2 fxe4 27. fxe4 Qg5 28. Qf2 Rdd7 29. h4 Qg4 30. Qe3 Rf7 31. Nc3 Rf6 32. Rf1 Rxf1+ 33. Bxf1 Rf7 34. Be2 Qh3 35. Bd3 Nf6 36. Bf1 Qe6 37. Bg2 Nd7 38. Nd5 Bxd5 39. exd5 Qg4 40. Kh2 Nc5 41. Rb2 1/2-1/2

[Event "Senior DM 65+ 2024"]
[Site "Aarhus"]
[Date "2024.02.17"]
[Round "6.6"]
[White "Johnsen, Oystein"]
[Black "Mikkelsen, Peter Jorgen Dam"]
[Result "0-1"]
[WhiteElo "1820"]
[BlackElo "2095"]
[PlyCount "50"]
[EventDate "2024.02.12"]
[EventType "swiss"]
[EventRounds "7"]
[EventCountry "DEN"]
[SourceTitle "Live v. Thomas Vestergaard"]

1. d4 Nf6 2. Nf3 g6 3. c4 c5 4. e3 Bg7 5. Nc3 O-O 6. Be2 cxd4 7. exd4 d5 8. O-O Nc6 9. Bf4 Bg4 10. c5 Ne4 11. Be3 Nxc3 12. bxc3 b6 13. Qa4 Na5 14. cxb6 axb6 15. Qc2 Qc7 16. h3 Bf5 17. Bd3 Bxd3 18. Qxd3 Rfc8 19. Rfb1 Nc4 20. Bg5 e6 21. Nd2 h6 22. Bh4 Nxd2 23. Qxd2 Qxc3 24. Qxc3 Rxc3 25. Rd1 Rc4 0-1

[Event "Senior DM 65+ 2024"]
[Site "Aarhus"]
[Date "2024.02.17"]
[Round "6.7"]
[White "Sorensson, Dan"]
[Black "Nielsen, Christian Volmer"]
[Result "1/2-1/2"]
[WhiteElo "1709"]
[BlackElo "1993"]
[PlyCount "192"]
[EventDate "2024.02.12"]
[EventType "swiss"]
[EventRounds "7"]
[EventCountry "DEN"]
[SourceTitle "Live v. Thomas Vestergaard"]

1. d4 d5 2. Nf3 Nf6 3. Bf4 Bf5 4. Nc3 a6 5. h3 e6 6. e3 c5 7. Bd3 Bxd3 8. cxd3 Nc6 9. dxc5 Bxc5 10. d4 Bb4 11. O-O Bxc3 12. bxc3 Ne4 13. Rc1 Na5 14. Nd2 Nxd2 15. Qxd2 O-O 16. f3 Nc4 17. Qe2 Rc8 18. e4 Rc6 19. Qf2 Qf6 20. Qg3 Rfc8 21. Kh2 Qg6 22. Qxg6 hxg6 23. exd5 exd5 24. Rfe1 Kf8 25. Re2 Re8 26. Rce1 Rxe2 27. Rxe2 f6 28. h4 b5 29. g4 Kf7 30. Kg2 Nb6 31. Bd2 Na4 32. Re3 Rc4 33. a3 Nb6 34. Re1 Ra4 35. Ra1 Nc4 36. Bc1 Ke6 37. Kf2 Kd6 38. f4 Kc6 39. Ra2 Nd6 40. Ke3 a5 41. Kd3 b4 42. cxb4 axb4 43. Rc2+ Nc4 44. axb4 Rxb4 45. Rc3 Rb8 46. Rc2 Kd7 47. Ra2 Rb7 48. Bd2 Ke7 49. Bc3 Kf7 50. Ra1 Re7 51. Re1 Ra7 52. Ra1 Rb7 53. Ra2 Rd7 54. Bb4 Kg8 55. Bc3 Nd6 56. Bd2 Ne4 57. Be3 Kf7 58. Ra1 Rc7 59. Ra3 Rb7 60. Ra1 Kg8 61. Ra2 Kh7 62. Rc2 Rb3+ 63. Ke2 Rc3 64. Rxc3 Nxc3+ 65. Kf3 Ne4 66. f5 Nd6 67. fxg6+ Kxg6 68. Bf4 Nb5 69. h5+ Kf7 70. Be3 Ke6 71. Kf4 Nd6 72. g5 fxg5+ 73. Kxg5 Kf7 74. Bf4 Ne4+ 75. Kf5 Nf6 76. Kg5 Ng8 77. Be5 Ne7 78. h6 gxh6+ 79. Kxh6 Nc6 80. Bh8 Ke6 81. Kg5 Ne7 82. Be5 Nc6 83. Bh8 Nd8 84. Bf6 Nf7+ 85. Kg6 Nd6 86. Be5 Ne8 87. Bh8 Nc7 88. Kg5 Nb5 89. Kf4 Na7 90. Bg7 Nc6 91. Ke3 Kf5 92. Kf3 Nd8 93. Bf8 Ne6 94. Bc5 Nxc5 95. dxc5 Ke5 96. Ke3 d4+  1/2-1/2